000 00690cam a22002533a 4500
001 12312
003 PGUSA
005 20140828083247.0
008 040501s2004||||xxu|||||s|||||000 d eng d
040 _aPGUSA
_beng
042 _adc
050 4 _aPR
100 1 _aFletcher, John,
_d1579-1625
245 1 2 _aA King, and No King
_h[electronic resource] /
_cJohn Fletcher
260 _bProject Gutenberg,
_c2004
506 _aPublic domain in the USA.
516 _aElectronic text
653 _aPolitical plays
653 _aTragicomedy
653 _aKings and rulers -- Drama
830 0 _aProject Gutenberg
_v12312
856 4 0 _uhttp://www.gutenberg.org/ebooks/12312
942 _cEB
999 _c241567
_d241567